00815nam a2200265 a 4500003000900000005001700009008004100026040001300067100003500080245005700115260003100172300001900203490002400222600002800246600002300274600002700297650002600324650004700350650002800397650002700425650002900452650002200481650002000503650002600523AR-BaBNM20251128203329.0082120s2002 ||||||||||||||000 | spa|| cAR-BaBNM1 aColombres Mármol, Eduardo L.00aLa entrevista de Guayaquilbhacia su esclarecimiento aBuenos AiresbEudebac1972 a230 p.btablas 0aBiblioteca cultural14aSan Martín, José de14aBolívar, Simón14aAlberdi, Juan Bautista 4aPERIODO INDEPENDIENTE 4aMOVIMIENTOS EMANCIPADORES LATINOAMERICANOS 4aCAMPAÑAS LIBERTADORAS 4aCAMPAÑA DE LOS ANDES 4aHISTORIA LATINOAMERICANA 4aHISTORIA POLITICA 4aHISTORIA SOCIAL 4aHISTORIA DE LAS IDEAS